| 000 | 00351nam a2200133Ia 4500 | ||
|---|---|---|---|
| 008 | 240624s9999 xx 000 0 und d | ||
| 041 | _aeng | ||
| 082 | _a658.3 FOM | ||
| 100 | _aFOMBRUN CHARLES | ||
| 245 | _aSTRATEGIC HUMAN RESOURCE MANAGEMENT | ||
| 260 |
_c1984 _aNew York _bJohn Wiley & Sons |
||
| 300 | _axv, : 499 : p. : cm. ; 24 | ||
| 365 |
_c _b28 |
||
| 999 |
_c21708 _d21708 |
||